000 02106nam0a2200433 4500
001 RU\NLR\BIBL_A\011427416
005 20250626063631.0
010 _a978-5-209-07933-0
_980
021 _aRU
_b2017-41337
_93004
035 _a(RuMoRGB)008905357
035 _a(NLR Aleph) 011427416
090 _a11635203
_c11635203
100 _a20170628d2017 |||y0rusy50 ca
101 0 _aeng
102 _aRU
105 _aa z 101zy
200 1 _aNanoscale interdisciplinary research: physics, chemistry, biology, mathematics
_ethe First German-Russian interdisciplinary student workshop, 25-27 April 2017, Moscow, RUDN university
_ebook of abstracts
210 _aMoscow
_cPeoples' friendship university of Russia
_d2017
215 _a45, [5] с.
_cил., цв. ил.
_d30 см
225 1 _a5-100 Russian academic excellence project
300 _aВ надзаг.: Ministry of education and science of Russian Federation, RUDN university, [German-Russian interdisciplinary science center]
300 _aУказ. в конце кн.
320 _aБиблиогр. в конце ст.
541 1 _aНаноразмерные междисциплинарные исследования: физика, химия, биология, математика: сборник тезисов
606 1 _aНанобиология
_jТезисы докладов
_92389565
_3RU\NLR\AUTH\661425146
606 1 _aНанохимия
_jТезисы докладов
_92301501
_3RU\NLR\AUTH\661377886
606 1 _aНаночастицы
_jТезисы докладов
_92099060
_3RU\NLR\AUTH\661573254
686 _aВ.я431(0)
_2rubbk
686 _aЕ.я431(0)
_2rubbk
686 _aГ.я431(0)
_2rubbk
686 1 _aГ523я431(0)
686 1 _aЗ844.1я431(0)
686 1 _aЕ070я431(0)
711 1 2 _7ba
_8eng
_a"Nanoscale interdisciplinary research: physics, chemistry, biology, mathematics", German-Russian interdisciplinary student workshop
_d1
_eMoscow
_f2017
_9562791
_3RU\NLR\AUTH\880449611
942 _cBOOK
980 _aNB